<?xml version="1.0" encoding="UTF-8"?>
<record
    xmlns:xsi="http://www.w3.org/2001/XMLSchema-instance"
    xsi:schemaLocation="http://www.loc.gov/MARC21/slim http://www.loc.gov/standards/marcxml/schema/MARC21slim.xsd"
    xmlns="http://www.loc.gov/MARC21/slim">

  <leader>02148cam a2200361 i 4500</leader>
  <controlfield tag="001">30405340</controlfield>
  <controlfield tag="003">OCoLC</controlfield>
  <controlfield tag="005">20250516101227.0</controlfield>
  <controlfield tag="007">ta</controlfield>
  <controlfield tag="008">111115s2012    ilu    g b    001 0 eng  </controlfield>
  <datafield tag="010" ind1=" " ind2=" ">
    <subfield code="a">2011046600</subfield>
  </datafield>
  <datafield tag="020" ind1=" " ind2=" ">
    <subfield code="a">978143528231</subfield>
  </datafield>
  <datafield tag="040" ind1=" " ind2=" ">
    <subfield code="a">DLC</subfield>
    <subfield code="e">rda</subfield>
    <subfield code="b">spa</subfield>
    <subfield code="c">CO-MdFUSB</subfield>
    <subfield code="d">BTCTA</subfield>
    <subfield code="d">BDX</subfield>
    <subfield code="d">CBC</subfield>
    <subfield code="d">UtOrBLW</subfield>
  </datafield>
  <datafield tag="041" ind1=" " ind2=" ">
    <subfield code="a">eng</subfield>
  </datafield>
  <datafield tag="082" ind1=" " ind2=" ">
    <subfield code="a">248.092</subfield>
    <subfield code="2">24</subfield>
    <subfield code="b">Z38w</subfield>
  </datafield>
  <datafield tag="100" ind1="1" ind2=" ">
    <subfield code="a">Zaspel, Fred G.</subfield>
    <subfield code="e">autor</subfield>
  </datafield>
  <datafield tag="245" ind1="1" ind2="0">
    <subfield code="a">Warfield on the Christian life</subfield>
    <subfield code="b">: living in light of the Gospel </subfield>
    <subfield code="c">/ Fred G. Zaspel ; prefacio por Michael A.G. Haykin.</subfield>
  </datafield>
  <datafield tag="264" ind1=" " ind2="1">
    <subfield code="a">Wheaton, Illinois :</subfield>
    <subfield code="b">Crossway, </subfield>
    <subfield code="c">&#x2117;[2012]</subfield>
  </datafield>
  <datafield tag="264" ind1=" " ind2="4">
    <subfield code="c">&#xA9;2012</subfield>
  </datafield>
  <datafield tag="300" ind1=" " ind2=" ">
    <subfield code="a">240 p&#xE1;ginas ;</subfield>
    <subfield code="c">23 cm.</subfield>
  </datafield>
  <datafield tag="336" ind1=" " ind2=" ">
    <subfield code="2">rdacontent.</subfield>
    <subfield code="a">texto</subfield>
    <subfield code="b">txt</subfield>
  </datafield>
  <datafield tag="337" ind1=" " ind2=" ">
    <subfield code="2">rdamedia.</subfield>
    <subfield code="a">sin mediaci&#xF3;n</subfield>
    <subfield code="b">n</subfield>
  </datafield>
  <datafield tag="338" ind1=" " ind2=" ">
    <subfield code="2">rdacarrier.</subfield>
    <subfield code="a">volumen</subfield>
    <subfield code="b">nc</subfield>
  </datafield>
  <datafield tag="490" ind1="1" ind2=" ">
    <subfield code="a">Theologians on the Christian life.</subfield>
  </datafield>
  <datafield tag="501" ind1=" " ind2=" ">
    <subfield code="a">Incluye &#xED;ndices (p&#xE1;ginas 233- 240) </subfield>
  </datafield>
  <datafield tag="505" ind1=" " ind2=" ">
    <subfield code="a">Benjamin Breckinridge Warfield: el hombre y su obra -- Verdad y vida: el rol de la doctrina cristiana en la vida cristiana de Warfield -- Aprender y vivir: el valor y la autoridad de la Palabra de Dios -- Redenci&#xF3;n lograda: Dios para el rescate -- Bien con Dios: nuestra nueva posici&#xF3;n -- Conversi&#xF3;n: el gran cambio -- Ayuda de arriba: el Esp&#xED;ritu Santo en acci&#xF3;n -- Desde Gloria a gloria: la doctrina de la santificaci&#xF3;n -- Justo y pecador: cristianismo miserable-pecador -- Los peque&#xF1;os de Jes&#xFA;s: hijos a Dios -- Dios sobre todo: descansando en la divina providencia -- Mirando a Jes&#xFA;s: nuestro modelo y precursor -- La semejanza a Cristo: imitando la encarnaci&#xF3;n -- La vida religiosa: cultivando la piedad pr&#xE1;ctica -- La oraci&#xF3;n: una pr&#xE1;ctica de la piedad y un medio de gracia -- Los asuntos del coraz&#xF3;n: motivos, metas y valores -- La buena lucha, 1: fidelidad a Cristo -- La buena lucha, 2: en busca de la perfecci&#xF3;n -- Un horizonte brillante: la esperanza cristiana -- Resumen de reflexiones.</subfield>
  </datafield>
  <datafield tag="563" ind1=" " ind2=" ">
    <subfield code="a">R&#xFA;stico</subfield>
  </datafield>
  <datafield tag="600" ind1="1" ind2="0">
    <subfield code="a">Warfield, Benjamin Breckinridge,</subfield>
    <subfield code="d">1851-1921.</subfield>
  </datafield>
  <datafield tag="650" ind1=" " ind2="0">
    <subfield code="a">Vida cristiana</subfield>
    <subfield code="9">19</subfield>
  </datafield>
  <datafield tag="830" ind1=" " ind2="0">
    <subfield code="a">Theologians on the Christian life.</subfield>
  </datafield>
  <datafield tag="942" ind1=" " ind2=" ">
    <subfield code="c">BK</subfield>
  </datafield>
  <datafield tag="945" ind1=" " ind2=" ">
    <subfield code="a">El&#xED;as Tolentino</subfield>
  </datafield>
  <datafield tag="952" ind1=" " ind2=" ">
    <subfield code="0">0</subfield>
    <subfield code="1">0</subfield>
    <subfield code="2">ddc</subfield>
    <subfield code="4">0</subfield>
    <subfield code="7">0</subfield>
    <subfield code="8">GEN</subfield>
    <subfield code="a">FUSBC</subfield>
    <subfield code="b">FUSBC</subfield>
    <subfield code="d">2019-04-08</subfield>
    <subfield code="l">0</subfield>
    <subfield code="o">G 248.092 Z38w</subfield>
    <subfield code="p">16226</subfield>
    <subfield code="r">2019-12-12 00:00:00</subfield>
    <subfield code="t">Ej. 1</subfield>
    <subfield code="w">2019-04-08</subfield>
    <subfield code="y">BK</subfield>
  </datafield>
  <datafield tag="999" ind1=" " ind2=" ">
    <subfield code="c">64932</subfield>
    <subfield code="d">64932</subfield>
  </datafield>
</record>
